000 00576nam a2200181Ia 4500
005 20250508152436.0
008 008 250505s9999 xx 000 0 eng d
037 _aBooks to be hide in OPAC
040 _aFEDL
_beng
_cFEDL
041 _aeng
_2eng
084 _a010, SUB/O
_qFEDL
100 _aPrakken Sarah L Ed.
_97610
245 0 _aSubject guide to books in print : An index to the publishers' trade list annual 1958
260 _aNew York, USA
_bR R Bowker Company
_c1958
300 _axxxi,1452p.
942 _cHB
_h010, SUB/O
999 _c1336442
_d1336442